[Event "3rd Memorial Hulak 2018"]
[Site "Zagreb"]
[Date "2018.12.05"]
[Round "5.9"]
[White "Cvitan, Ena"]
[Black "Tica, Sven"]
[Result "1/2-1/2"]
[WhiteElo "2211"]
[BlackElo "2439"]
[Annotator "TA"]
[PlyCount "136"]
[EventDate "2018.11.26"]
[EventCountry "CRO"]
[SourceTitle "playchess.com"]
[Source "ChessBase"]
[SourceQuality "1"]

{[%evp 19,136,0,18,0,0,0,4,-1,13,8,19,0,12,9,14,12,16,12,20,19,34,29,39,35,72,55,77,51,54,58,45,44,54,57,52,44,54,42,82,38,62,54,66,41,43,22,52,45,180,62,102,110,173,172,175,10,58,33,61,33,41,31,25,53,53,0,0,0,0,-4,-4,-4,-4,-4,-4,-4,-4,-4,-4,-4,-4,-4,-4,-4,-4,-4,-4,-4,-4,-4,0,-4,0,0,0,0,7,0,0,0,0,0,0,-4,-4,-4,-4,-4,-4,-4,-4,-4,-4,-4,-4,-4,-11,-11,-11]} 1. d4 e6 2. Nf3 c5 3. e3 Nf6 4. Bd3 b6 5. O-O Bb7 6. b3 Be7 7. Bb2 O-O 8. Nbd2 Nc6 9. a3 Rc8 10. Qe2 Qc7 {LiveBook: 11 Games. A47: 1 d4 Nf6 2 Nf3 b6: Torre, London and Colle Systems} 11. dxc5 bxc5 12. c4 $146 ({Predecessor:} 12. Ba6 Bxa6 13. Qxa6 d5 14. Qa4 Rfd8 15. Rfd1 e5 16. e4 Nd4 17. exd5 Nxd5 18. Nxd4 {0-1 (29) Terraz,C (2108)-Sprenger,J (2496) Basel 2016}) 12... d6 13. Rfd1 Rb8 14. Rab1 Rfe8 15. Nf1 Ba8 16. Qc2 h6 17. Bc3 a5 18. Ng3 Rb6 19. Qe2 Reb8 20. Bc2 Bb7 21. Qd3 e5 22. Nd2 Rd8 23. Nh5 {aiming for Nxf6+.} g6 $1 24. Nxf6+ Bxf6 25. Ne4 Bg7 26. Ba1 Ne7 27. Nc3 Bc6 28. e4 Qb7 29. a4 Ra6 30. Nb5 Be8 31. Qe2 Qb8 32. Bc3 f6 33. Rd3 f5 (33... Nc6 $14) 34. f3 (34. Rbd1 $18) 34... f4 35. Qd2 Qb6 (35... Nc6 $16 {was worth a try.}) 36. Rd1 $18 {[%cal Rb5d6]} Nc8 {[#]} 37. g4 $2 ({White should try} 37. g3 $1 $18) 37... Bf6 38. Kf1 Bf7 39. Ke2 Be6 40. Rh1 Be7 41. h4 Na7 42. Nxa7 ({White should play} 42. h5 $14) 42... Rxa7 $11 {The position is equal.} 43. Qe1 Rb8 44. Rd1 Bd8 45. Qd2 Bc7 46. h5 g5 47. Rb1 Qa6 48. Kf2 Kf7 49. Rhg1 Ke7 50. Qd3 Qc8 51. Qd2 Qh8 52. Qd3 Kd7 53. Qd2 Kc6 54. Qd3 Kb6 55. Qd2 Ka6 56. Qd3 Rab7 57. Qd2 Qe8 58. Qd3 Bd7 59. Qd2 Bc6 60. Qd3 Ra7 61. Qd2 Kb7 {[%cal Ba6b7,Bb7c8,Bc8d7,Bd7e6,Be6e7][%mdl 32]} 62. Qd3 Kc8 63. Qd2 Kd7 64. Rgd1 Ke6 65. Qd3 Ra6 66. Qd2 Rb7 67. Re1 Qb8 68. Rg1 Ke7 {Accuracy: White = 51%, Black = 59%.} 1/2-1/2

[Event "3rd Memorial Hulak 2018"]
[Site "Zagreb"]
[Date "2018.12.04"]
[Round "5.10"]
[White "Frouth, Nenad"]
[Black "Rakotomaharo, Fy Antenaina"]
[Result "0-1"]
[WhiteElo "2174"]
[BlackElo "2429"]
[Annotator "TA"]
[PlyCount "56"]
[EventDate "2018.11.26"]
[EventCountry "CRO"]
[SourceTitle "playchess.com"]
[Source "ChessBase"]
[SourceQuality "1"]

{[%evp 13,56,12,15,-7,0,0,0,0,-8,-18,-11,-67,-60,-81,-74,-122,-56,-142,-55,-108,-111,-220,-205,-183,-133,-190,-231,-295,-284,-343,-362,-349,-257,-242,-235,-322,-309,-408,-383,-408,-425,-418,-416,-408,-402]} 1. e4 c5 2. Nf3 Nc6 3. Bb5 g6 4. O-O Bg7 5. c3 Nf6 6. Re1 O-O 7. d4 Qb6 {LiveBook: 18 Games} 8. Na3 {e5 is the strong threat. B31: Sicilian: 2...Nc6 3 Bb5 g6} (8. Ba4 cxd4 9. cxd4 d5 10. e5 Ne4 11. Nc3 Rd8 12. Bb3 Be6 13. Be3 Na5 14. Ng5 Nxb3 15. Nxe6 Nxa1 16. Nxd8 Nxc3 17. bxc3 Rxd8 18. Qxa1 {0-1 (34) Bellahcene,B (2510)-Oparin,G (2606) Tarvisio 2017}) 8... cxd4 9. cxd4 d5 10. e5 {Black must now prevent Bxc6.The position is equal.} Ne4 11. h3 Be6 $146 ({Predecessor:} 11... Bf5 12. Be3 Rac8 13. Re2 a6 14. Bxc6 Rxc6 15. Ne1 Qa5 16. Nac2 f6 17. Nd3 {½-½ (30) Tisdall,J (2420)-Gullaksen,E (2364) Oslo 2011}) 12. Qa4 (12. Bxc6 $11 bxc6 13. Nb1) 12... Rac8 $36 {[%mdl 2048] Black has the initiative.} 13. Bf4 a6 14. Bd3 Rfd8 (14... Qxb2 $17 15. Nc2 Qc3) 15. Be3 (15. Re2 $15) 15... Qb4 ({Better is} 15... Qxb2 $17 16. Rab1 Qc3) 16. Qd1 (16. Bc2 $15) 16... Qxb2 $17 17. Nc4 (17. Nc2 $17) 17... dxc4 $19 18. Bxe4 b5 19. a4 {[#]} (19. Ng5 $17 Nxe5 20. Nxe6 fxe6 21. a4) 19... Nxe5 $1 {[%mdl 512]} 20. Nxe5 (20. dxe5 Rxd1) 20... Bxe5 {[%mdl 64] Pin} 21. Bb7 Rb8 ({Worse is} 21... Bxd4 22. Bxc8 Qxa1 23. Qxa1 $15) 22. Bxa6 bxa4 23. Qxa4 Rb4 24. Qd1 Bxd4 25. Rc1 Rd6 26. Rc2 {[#]} Bxe3 $1 {[%mdl 512]} 27. Rxb2 (27. Rxe3 Rxd1+) 27... Rxd1 28. Rxd1 Rxb2 {Accuracy: White = 17%, Black = 57%.} 0-1

[Event "3rd Memorial Hulak 2018"]
[Site "Zagreb"]
[Date "2018.12.05"]
[Round "5.10"]
[White "Frouth, Nenad"]
[Black "Rakotomaharo, Fy Antenaina"]
[Result "0-1"]
[WhiteElo "2174"]
[BlackElo "2429"]
[Annotator "TA"]
[PlyCount "56"]
[EventDate "2018.11.26"]
[EventCountry "CRO"]
[SourceTitle "playchess.com"]
[Source "ChessBase"]
[SourceQuality "1"]

{[%evp 13,56,11,12,-8,-25,-22,-23,-20,-3,-18,-1,-46,-46,-76,-69,-128,-66,-138,-46,-119,-122,-210,-216,-183,-97,-195,-189,-286,-286,-345,-338,-332,-242,-246,-233,-295,-286,-424,-376,-373,-404,-397,-395,-379,-380]} 1. e4 c5 2. Nf3 Nc6 3. Bb5 g6 4. O-O Bg7 5. c3 Nf6 6. Re1 O-O 7. d4 Qb6 {LiveBook: 18 Games} 8. Na3 {And now e5 would win. B31: Sicilian: 2...Nc6 3 Bb5 g6} (8. Ba4 cxd4 9. cxd4 d5 10. e5 Ne4 11. Nc3 Rd8 12. Bb3 Be6 13. Be3 Na5 14. Ng5 Nxb3 15. Nxe6 Nxa1 16. Nxd8 Nxc3 17. bxc3 Rxd8 18. Qxa1 {0-1 (34) Bellahcene,B (2510)-Oparin,G (2606) Tarvisio 2017}) 8... cxd4 9. cxd4 d5 10. e5 {Black has an edge.} Ne4 11. h3 Be6 $146 ({Predecessor:} 11... Bf5 12. Be3 Rac8 13. Re2 a6 14. Bxc6 Rxc6 15. Ne1 Qa5 16. Nac2 f6 17. Nd3 {½-½ (30) Tisdall,J (2420)-Gullaksen,E (2364) Oslo 2011}) 12. Qa4 Rac8 $36 {[%mdl 2048] Black has some pressure.} 13. Bf4 a6 14. Bd3 (14. Bxc6 $1 $15 Rxc6 15. Qb3) 14... Rfd8 (14... Qxb2 $17 15. Nc2 Nxf2 $1 {[%mdl 512]}) 15. Be3 (15. Qb3 $15 Qxb3 16. axb3) 15... Qb4 (15... Qxb2 $17 16. Rab1 Qc3) 16. Qd1 (16. Bc2 $15) 16... Qxb2 $17 17. Nc4 (17. Nc2 $17) 17... dxc4 $19 18. Bxe4 {[#]} b5 (18... Nxe5 $1 $19 {[%mdl 512] White must now prevent ...b5.} 19. Rb1 (19. dxe5 Rxd1) 19... Qxa2) 19. a4 {[#]} (19. Ng5 $17 {was the only defense.} Nxe5 20. Nxe6 fxe6 21. a4) 19... Nxe5 $1 {[%mdl 512]} 20. Nxe5 (20. axb5 {might work better.} Nxf3+ 21. Qxf3 axb5 22. Reb1) (20. dxe5 Rxd1) 20... Bxe5 21. Bb7 Rb8 ({Weaker is} 21... Bxd4 22. Bxc8 Qxa1 23. Qxa1 $15) 22. Bxa6 bxa4 23. Qxa4 Rb4 24. Qd1 Bxd4 25. Rc1 (25. Rb1 {was necessary.} Qxb1 26. Qxb1 Rxb1 27. Rxb1) 25... Rd6 {aiming for ...Bxe3.} 26. Rc2 {[#]Black is winning.} Bxe3 $1 {[%mdl 512]} 27. Rxb2 (27. Rxe3 Rxd1+) 27... Rxd1 28. Rxd1 Rxb2 {Precision: White = 20%, Black = 57%.} 0-1

[Event "3rd Memorial Hulak 2018"]
[Site "Zagreb"]
[Date "2018.12.05"]
[Round "5.11"]
[White "Zadravec, Matija"]
[Black "Ivekovic, Bozidar"]
[Result "0-1"]
[WhiteElo "2152"]
[BlackElo "2406"]
[Annotator "ChessBase"]
[PlyCount "96"]
[EventDate "2018.11.26"]
[EventCountry "CRO"]
[SourceTitle "playchess.com"]
[Source "ChessBase"]
[SourceQuality "1"]

1. e4 c5 2. c3 d5 3. exd5 Qxd5 4. d4 Nf6 5. Nf3 e6 6. Na3 Qd8 7. Nc2 Be7 8. Bd3 O-O 9. O-O Nbd7 10. Qe2 b6 11. Bf4 Bb7 12. Rad1 Qc8 13. h3 a6 14. c4 Re8 15. Ne5 cxd4 16. Nxd7 Nxd7 17. Nxd4 Bc5 18. Be3 Nf6 19. Nf3 e5 20. Bc2 Qc6 21. Rfe1 Re7 22. Bg5 Rae8 23. Bxf6 Qxf6 24. Be4 Bxe4 25. Qxe4 Qg6 26. Qxg6 hxg6 27. Kf1 a5 28. Rd5 f6 29. Red1 a4 30. Rd8 Kf7 31. Rxe8 Kxe8 32. Ne1 Bd4 33. b3 axb3 34. axb3 Ra7 35. Ke2 Ra2+ 36. Rd2 Rxd2+ 37. Kxd2 Bxf2 38. Nc2 Kd7 39. Ke2 Bc5 40. b4 Bd6 41. Kd3 f5 42. Kc3 Be7 43. Ne3 Bh4 44. g4 Bf2 45. Nd5 Kd6 46. Kd3 e4+ 47. Ke2 Bd4 48. g5 b5 0-1

[Event "3rd Memorial Hulak 2018"]
[Site "Zagreb"]
[Date "2018.12.05"]
[Round "5.12"]
[White "Pavcevic, Bruno"]
[Black "Vernacki, Srdjan"]
[Result "1/2-1/2"]
[WhiteElo "2059"]
[BlackElo "2348"]
[Annotator "ChessBase"]
[PlyCount "119"]
[EventDate "2018.11.26"]
[EventCountry "CRO"]
[SourceTitle "playchess.com"]
[Source "ChessBase"]
[SourceQuality "1"]

1. e4 c6 2. d4 d5 3. exd5 cxd5 4. Bd3 Nc6 5. c3 g6 6. Nf3 Nf6 7. h3 Bf5 8. Bxf5 gxf5 9. Bf4 e6 10. Qb3 Qd7 11. Ne5 Nxe5 12. Bxe5 Be7 13. Na3 Rg8 14. Nb5 Kf8 15. g4 a6 16. Na3 fxg4 17. hxg4 Nxg4 18. Rxh7 Nxe5 19. dxe5 Rg1+ 20. Ke2 Rxa1 21. Rh8+ Kg7 22. Rxa8 Qc7 23. f4 Bxa3 24. bxa3 Qc5 25. Qb4 Qc4+ 26. Qxc4 dxc4 27. Ke3 Rxa2 28. Ra7 Rxa3 29. Kd4 Rb3 30. Kxc4 Rb1 31. Kd4 Kg6 32. Ke4 Re1+ 33. Kf3 Rb1 34. Ke4 Rb2 35. Ra8 Kg7 36. Ra7 Rb5 37. Ra8 Rc5 38. Kd4 Rd5+ 39. Ke4 Rd1 40. Ra7 Rd7 41. Kf3 Rc7 42. Kg4 Kg6 43. c4 Rxc4 44. Rxb7 Rc1 45. Ra7 Ra1 46. f5+ exf5+ 47. Kg3 a5 48. Kf4 Ra4+ 49. Kf3 Ra1 50. Kf4 a4 51. Ra6+ Kg7 52. Ra7 Kg6 53. Ra6+ Kh5 54. Kxf5 a3 55. Ra8 Kh6 56. Kf6 Rf1+ 57. Ke7 Rf3 58. e6 fxe6 59. Kxe6 Kg5 60. Kd5 1/2-1/2

[Event "3rd Memorial Hulak 2018"]
[Site "Zagreb"]
[Date "2018.12.05"]
[Round "6.2"]
[White "Kotronias, Vasilios"]
[Black "Plenca, Jadranko"]
[Result "1/2-1/2"]
[WhiteElo "2482"]
[BlackElo "2475"]
[Annotator "TA"]
[PlyCount "61"]
[EventDate "2018.11.26"]
[EventCountry "CRO"]
[SourceTitle "playchess.com"]
[Source "ChessBase"]
[SourceQuality "1"]

{[%evp 22,61,5,-13,23,24,20,0,5,0,0,1,10,0,0,0,0,-14,-18,-17,-20,-26,-16,-9,6,-2,-2,-2,-2,-12,-12,-9,-8,-12,-8,-31,-5,-7,0,-10,-11,-30]} 1. e4 e5 2. Nf3 Nc6 3. Bb5 {[%cal Bf1b5,Bb5a4,Ba4b3,Bb3a2][%mdl 32]} a6 4. Ba4 Nf6 5. O-O b5 6. Bb3 Bb7 7. d3 Be7 8. a4 O-O 9. Nc3 Na5 10. Ba2 b4 11. Nd5 Nxd5 {C84: Closed Ruy Lopez: Unusual White 6th moves} (11... b3 12. Nxe7+ Qxe7 13. cxb3 Nc6 14. Bd2 a5 15. Rc1 d6 16. Bc3 Nb4 17. Bb1 c5 18. Nh4 g6 19. f4 {1-0 (44) Klein,D (2501)-Lenic,L (2662) chess.com INT 2018}) 12. Bxd5 {LiveBook: 8 Games} c6 13. Ba2 Qc7 {White has an edge.} 14. Bd2 $146 ({Predecessor:} 14. d4 d6 15. Qe2 exd4 16. Nxd4 Bf6 17. Nf5 Bc8 18. Qf3 Rb8 19. Nh6+ {0-1 (58) Klein,D (2359)-Urkedal,F (2447) Oslo 2011}) 14... c5 15. c3 bxc3 16. Bxc3 Nc6 17. Bd5 d6 18. a5 Nd4 19. Bxd4 (19. Ba2 {feels hotter.} Rac8 20. Bc4 Nc6 21. Nd2 Nd4 22. Nf3) 19... Bxd5 20. Bxe5 dxe5 21. exd5 Qd6 22. Re1 Bf6 23. Nd2 {Strongly threatening Nc4.} Qxd5 24. Nc4 {Hoping for Nb6.} Rad8 {[%cal Ba8d8,Bd8d3,Bd3b3][%mdl 32]} 25. Re3 e4 26. Rxe4 Qxd3 27. Qxd3 Rxd3 28. Rae1 h6 29. g3 {The position is equal.} Rb3 30. Re8 g6 31. R1e3 {Accuracy: White = 45%, Black = 67%.} 1/2-1/2

[Event "3rd Memorial Hulak 2018"]
[Site "Zagreb"]
[Date "2018.12.05"]
[Round "6.3"]
[White "Srbis, Jurica"]
[Black "Kozul, Zdenko"]
[Result "1-0"]
[WhiteElo "2415"]
[BlackElo "2601"]
[Annotator "TA"]
[PlyCount "89"]
[EventDate "2018.11.26"]
[EventCountry "CRO"]
[SourceTitle "playchess.com"]
[Source "ChessBase"]
[SourceQuality "1"]

{[%evp 11,89,46,54,45,46,28,33,37,33,35,38,33,42,29,35,42,36,13,31,-26,0,-1,88,59,37,67,66,41,45,28,32,27,42,42,30,-30,0,0,0,0,0,0,0,0,0,0,0,0,0,0,0,0,0,0,211,218,200,217,216,200,178,0,566,570,562,551,585,571,562,531,522,514,501,481,560,560,838,838,808,803]} 1. d4 Nf6 2. Bg5 Ne4 3. Bf4 d6 4. Nd2 Bf5 5. Nxe4 (5. f3 Nxd2 6. Qxd2 d5 7. e3 e6 8. Ne2 Be7 9. Nc3 c6 10. e4 Bg6 11. O-O-O Nd7 12. Bd3 {½-½ (63) Mchedlishvili,M (2603)-McShane,L (2640) Riadh 2017}) 5... Bxe4 6. f3 {A45: Trompowsky Attack} Bg6 {LiveBook: 9 Games} 7. h4 {[%cal Bh2h4,Bh4h5][%mdl 32]} h6 8. e3 {White is slightly better.} e6 9. h5 $146 ({Predecessor:} 9. Bd3 Bxd3 10. Qxd3 c6 11. g4 Be7 12. Bg3 {1-0 (48) Obada,E (1756)-Matasaru,S (1599) Baile Felix 2017}) 9... Bh7 10. Bd3 Bxd3 11. Qxd3 c6 12. e4 Nd7 13. Ne2 d5 14. Be3 b5 15. Nf4 (15. exd5 $14 cxd5 16. g4) 15... Qa5+ 16. Bd2 Qa4 (16... Bb4 $11 {keeps the balance.}) 17. b3 Qa3 18. exd5 exd5 19. O-O Be7 20. Rfe1 O-O 21. Qf5 Rfd8 22. Nd3 a5 23. b4 ({White should play} 23. Bf4) 23... Bf8 {[%cal Ra5b4]} (23... Bf6 $5 {[%cal Rf6d4]} 24. c3 Nb6 $11) 24. Re3 axb4 {Threatens to win with ...Qa4.} 25. Ne5 {[%mdl 64] [#] Discovered Attack} Qb2 $1 {[%csl LRa1,LRa2,LRd4]} 26. Qxf7+ Kh8 27. Ng6+ Kh7 28. Rae1 {Hoping for Re6.} Qxd4 {...Bc5 is the strong threat.} 29. Qf5 $36 {[%mdl 2048] White has some pressure.} Bc5 {Strongly threatening ...Qf6.} 30. Ne5+ ({Much worse is} 30. Nf8+ Kg8 $19) 30... Kh8 31. Nf7+ Kg8 {aiming for ...Rf8.} 32. Qe6 Rf8 $2 (32... Qxd2 $11 {and Black is okay.} 33. Nxh6+ Kh7 34. Qg6+ Kh8 35. Nf7+ {[%mdl 64] Double Attack} Kg8 36. Nh6+ Kh8 37. Nf7+ {[%mdl 64] Double Attack} Kg8 38. Nh6+ Kh8) 33. Ne5+ $18 Kh8 34. Nxd7 Rfe8 35. Qxc6 {[%mdl 64] Double Attack} Rac8 {[#]} 36. Qb7 $2 (36. Qa6 $1 $18 Ra8 37. Qxb5) 36... Ba7 $2 {[%mdl 8192]} (36... Rb8 $1 $11 {and Black has nothing to worry.} 37. Qc6 Rbc8) 37. Kf1 {White is clearly winning.} Qc4+ 38. Rd3 Qxc2 39. Qxd5 Rcd8 40. Be3 Bxe3 41. Rdxe3 Rxe3 42. Rxe3 Qc7 43. Re7 Qc1+ 44. Kf2 Qf4 45. Qe5 {Accuracy: White = 61%, Black = 49%.} 1-0

[Event "3rd Memorial Hulak 2018"]
[Site "Zagreb"]
[Date "2018.12.05"]
[Round "6.4"]
[White "Palac, Mladen"]
[Black "Sulava, Nenad"]
[Result "1/2-1/2"]
[WhiteElo "2553"]
[BlackElo "2425"]
[Annotator "TA"]
[PlyCount "24"]
[EventDate "2018.11.26"]
[EventCountry "CRO"]
[SourceTitle "playchess.com"]
[Source "ChessBase"]
[SourceQuality "1"]

{[%evp 13,24,22,15,18,51,44,33,33,81,74,62,-12,-20]} 1. c4 b6 2. g3 Bb7 3. Nf3 g6 4. Bg2 Bg7 5. d4 {[%cal Bd2d4,Bd4d5,Bd5e6][%mdl 32]} Nf6 {[%cal Bg8f6,Bf6e4,Be4g5,Bg5h3][%mdl 32]} 6. d5 {A50: Queen's Fianchetto Defence (1 d4 Nf6 2 c4 b6)} Ne4 7. Qc2 f5 {LiveBook: 4 Games} 8. O-O e6 $146 ({Predecessor:} 8... O-O 9. Ng5 Nd6 10. Bf4 Na6 11. Nd2 h6 12. Ngf3 e6 13. Rad1 Qe7 {½-½ (70) Granda Zuniga,J (2680)-Anton Guijarro,D (2553) Madrid 2014}) 9. dxe6 O-O 10. Ng5 {[%cal Rg2e4]} d5 11. cxd5 Nxg5 12. d6 {[#]} ({Better is} 12. Bxg5 $14 Qxg5 13. Qxc7) 12... Nh3+ $1 {[%mdl 512]} 1/2-1/2

[Event "3rd Memorial Hulak 2018"]
[Site "Zagreb"]
[Date "2018.12.05"]
[Round "6.5"]
[White "Cvitan, Ognjen"]
[Black "Rakotomaharo, Fy Antenaina"]
[Result "1-0"]
[WhiteElo "2503"]
[BlackElo "2429"]
[Annotator "ChessBase"]
[PlyCount "73"]
[EventDate "2018.11.26"]
[EventCountry "CRO"]
[SourceTitle "playchess.com"]
[Source "ChessBase"]
[SourceQuality "1"]

1. d4 Nf6 2. Nf3 g6 3. Bg5 Bg7 4. Nbd2 d5 5. c3 O-O 6. e3 b6 7. Bd3 Bb7 8. O-O c5 9. Qe2 Nbd7 10. Rad1 Ne4 11. Bh4 Ndf6 12. Ne5 Qc7 13. f4 Nxd2 14. Rxd2 Rad8 15. f5 Ne4 16. Bxe4 dxe4 17. Bg3 Qc8 18. fxg6 hxg6 19. c4 b5 20. cxb5 Qe6 21. b3 cxd4 22. exd4 Qb6 23. Bf2 Rd5 24. a4 f5 25. Rc2 Qe6 26. Rc7 Ba8 27. Rxa7 Bxe5 28. dxe5 Rd3 29. Ra6 Qf7 30. Be3 Kh7 31. Qe1 Bb7 32. Ra7 Rb8 33. Qh4+ Kg8 34. Qg5 Qe6 35. h4 f4 36. Qxf4 Qxb3 37. Rxb7 1-0

[Event "3rd Memorial Hulak 2018"]
[Site "Zagreb"]
[Date "2018.12.05"]
[Round "6.6"]
[White "Ivekovic, Bozidar"]
[Black "Yankelevich, Lev"]
[Result "1-0"]
[WhiteElo "2406"]
[BlackElo "2441"]
[Annotator "TA"]
[PlyCount "69"]
[EventDate "2018.11.26"]
[EventCountry "CRO"]
[SourceTitle "playchess.com"]
[Source "ChessBase"]
[SourceQuality "1"]

{[%evp 19,69,0,0,-62,-53,-63,45,49,28,56,72,61,66,80,78,0,0,0,0,-8,-8,-3,0,-10,16,19,19,10,18,6,6,6,10,12,83,68,66,12,87,80,80,80,80,81,102,108,12840,12840,12841,12841,12841,12841]} 1. d4 Nf6 2. c4 c5 3. d5 g6 4. Nf3 Bg7 5. Nc3 O-O 6. e4 d6 7. Be2 e6 8. Nd2 Re8 9. O-O Na6 10. Rb1 Nc7 {LiveBook: 15 Games. E91: King's Indian: Classical: 6 Be2, unusual replies including 6...c5 and 6...Bg4} 11. Qc2 (11. dxe6 $11 Nxe6 12. Nb3) 11... exd5 $15 12. cxd5 {[#]} b5 $146 ({Better is} 12... Nfxd5 $1 $15 {[%mdl 512]} 13. Nxd5 Nxd5 {[%mdl 64] Pin}) ({Predecessor:} 12... b6 13. b4 cxb4 14. Rxb4 Na6 15. Rc4 Nc5 16. Re1 Bd7 17. a4 Rc8 18. Bb2 a6 {0-1 (66) Loeffler,S (2410)-Kummer,H (2353) Austria 2012}) 13. Bxb5 $14 Nxb5 14. Nxb5 Ba6 15. a4 Bxb5 16. axb5 Rb8 17. b4 ({White should play} 17. f3 $16) 17... Rxb5 $11 18. Ba3 {[%cal Rb4c5,Bc1a3,Ba3b4,Bb4c3][%mdl 32]} cxb4 19. Rxb4 Rxb4 20. Bxb4 Bh6 21. Qc6 a5 22. Bc3 Nxe4 {[#]} 23. Bxa5 $1 {[%mdl 512]} Qe7 $1 (23... Qxa5 24. Qxe8+) 24. Nxe4 Qxe4 25. Qxd6 Bf8 26. Qf6 {White wants to mate with Bc3.} Re5 (26... Bg7 $11 27. Qc6 Rb8) 27. Bc3 $16 Bg7 28. Qa6 (28. Qc6 $14 Re7 29. Bxg7 Kxg7 30. Qc3+ Qe5 31. Qd2) 28... Rg5 (28... Re8 $11 29. Bxg7 Kxg7) 29. Qc8+ Bf8 {[%csl Gg5][%cal Re4g2]} 30. g3 {And now d6 would win.} Rxd5 {aiming for ...Rc5.} 31. Re1 Rc5 {...Qxe1+! is the strong threat.} 32. Qd8 $40 {[%mdl 128] Black is in trouble.} ({Don't play} 32. Rxe4 $6 Rxc8 33. Bd2 h5 $11) 32... Qf5 $2 {[%mdl 8192] [#]} (32... Qc6 $16 33. Re8 Qxe8 34. Qxe8 Rxc3) 33. Re8 $1 $18 {[%csl Gd8][%cal Re8f8] White is clearly winning.} Rxc3 34. Rxf8+ Kg7 35. Rg8+ {Accuracy: White = 69%, Black = 53%.} 1-0

[Event "3rd Memorial Hulak 2018"]
[Site "Zagreb"]
[Date "2018.12.05"]
[Round "6.7"]
[White "Muskardin, Mario"]
[Black "Tomazini, Zan"]
[Result "0-1"]
[WhiteElo "2280"]
[BlackElo "2437"]
[Annotator "TA"]
[PlyCount "62"]
[EventDate "2018.11.26"]
[EventCountry "CRO"]
[SourceTitle "playchess.com"]
[Source "ChessBase"]
[SourceQuality "1"]

{[%evp 18,62,26,6,19,17,18,41,27,-14,-27,-15,-5,-35,-47,-45,-47,-106,-95,-106,-110,-91,-102,-118,-104,-90,-114,-195,-206,-448,-460,-441,-186,-191,-195,-489,-487,-484,-483,-472,-476,-6383,-6279,-2849,-2619,-29990,-29991]} 1. Nf3 g6 2. c4 Bg7 3. g3 e5 4. d3 d6 5. Bg2 f5 6. Nc3 Nf6 7. Rb1 O-O 8. b4 h6 9. O-O g5 10. c5 {LiveBook: 9 Games. A21: English Opening: 1...e5 2 Nc3} (10. b5 Kh8 11. Ba3 Nbd7 12. Nd2 a6 13. Qb3 axb5 14. cxb5 Nb6 15. Bb4 Qe8 16. a4 Be6 17. Qc2 Rb8 18. a5 {0-1 (37) Harikrishna,P (2727)-Ponomariov,R (2714) Beijing 2014}) 10... Qe7 11. cxd6 cxd6 12. b5 {The position is equal.} Be6 13. a4 $146 ({Predecessor:} 13. Ba3 Nbd7 14. e4 Rfd8 15. Re1 Rac8 16. Rc1 fxe4 17. Nxe4 Nxe4 18. dxe4 {1-0 (40) Payen,A (2372)-Bonn,T (2190) Pau 2008}) 13... Nbd7 14. Ba3 Rac8 15. Qd2 Nc5 $36 {[%mdl 2048] Black is more active.} 16. Bxc5 Rxc5 17. d4 ({Better is} 17. e3 $15) 17... Rcc8 18. Rfc1 e4 19. Ne1 d5 20. e3 {[#]} f4 $1 {[%mdl 512]} 21. exf4 gxf4 22. Qxf4 {[#]} (22. gxf4 $17 Nh5 23. Ne2) 22... Rc4 $1 $19 23. Ne2 $2 (23. Rc2) 23... Ng4 24. Qd2 Rxc1 (24... Rxf2 $142 25. Nc2 Qc7) 25. Rxc1 Rxf2 26. h3 $2 {[#]} (26. Nc2 {only move.} Bf6 27. Rf1) 26... Rxe2 $1 {[%mdl 512]} 27. Qxe2 Bxd4+ 28. Kh1 Qa3 29. Rc2 (29. hxg4 $142 Qxc1 30. Kh2) 29... Qxg3 {[%csl Gg4][%cal Rg3h2]} 30. Nf3 Nf2+ 31. Kg1 Bxh3 {Precision: White = 30%, Black = 71%.} 0-1

[Event "3rd Memorial Hulak 2018"]
[Site "Zagreb"]
[Date "2018.12.05"]
[Round "6.8"]
[White "Lalic, Kristijan"]
[Black "Zelcic, Robert"]
[Result "0-1"]
[WhiteElo "2203"]
[BlackElo "2530"]
[Annotator "TA"]
[PlyCount "60"]
[EventDate "2018.11.26"]
[EventCountry "CRO"]
[SourceTitle "playchess.com"]
[Source "ChessBase"]
[SourceQuality "1"]

{[%evp 13,60,-6,-6,-23,-16,-31,-13,-29,-18,-60,-55,-62,-67,-69,-74,-70,-56,-58,-63,-64,-64,-72,-67,-70,-71,-70,-70,-68,-58,-236,-179,-283,-203,-203,-188,-207,-193,-366,-365,-588,-376,-1105,-1096,-5381,-1109,-29987,-29988,-29988,-29989]} 1. d4 Nf6 2. Nf3 d5 3. Bf4 c5 4. e3 Nc6 5. c3 Qb6 6. Qc1 Bf5 7. Be2 e6 {LiveBook: 16 Games. D02: 1 d4 d5 2 Nf3 sidelines, including 2...Nf6 3 g3 and 2...Nf6 3 Bf4} 8. h3 Be7 9. Nbd2 O-O {Black is slightly better.} 10. O-O Rac8 11. Ne5 cxd4 {[#] ...Nxe5 is the strong threat.} 12. Nxc6 bxc6 13. exd4 c5 14. dxc5 Bxc5 15. Nb3 {[#]} d4 $146 16. Nxc5 Rxc5 17. c4 e5 18. Bd2 a5 19. b3 Ne4 20. Re1 Qg6 21. Kf1 $2 (21. h4 $15) 21... Rd8 22. b4 (22. h4 {might work better.}) 22... Nxd2+ 23. Qxd2 axb4 $40 {[%mdl 128] Black goes for the king.} 24. Qxb4 Rdc8 25. Rec1 $2 (25. Rad1 {is a better defense.}) 25... e4 26. a4 $2 (26. Qd2 d3 27. Bd1) 26... Qd6 {Threatens to win with ...Qh2.} 27. Ke1 $2 (27. Kg1 Bxh3 28. Qb7) 27... e3 $19 28. Rd1 Qf4 (28... Qh2 $142 29. Bf1 Qg1) 29. fxe3 Qg3+ 30. Kf1 {[#]} Bxh3 $1 {[%mdl 512] Accuracy: White = 32%, Black = 69%.} 0-1